|
|
|
|
| LEADER |
00000nam0a2200000 4500 |
| 001 |
327470 |
| 005 |
20231102003949.0 |
| 035 |
|
|
|a (RuTPU)RU\TPU\book\353154
|
| 090 |
|
|
|a 327470
|
| 100 |
|
|
|a 20170131d1976 km y0rusy50 ca
|
| 101 |
0 |
|
|a rus
|
| 102 |
|
|
|a RU
|
| 105 |
|
|
|a a z 001zy
|
| 200 |
1 |
|
|a Прочность и пластичность тугоплавких металлов и монокристаллов
|f В. С. Иванова, В. А. Ермишкин
|
| 210 |
|
|
|a Москва
|c Металлургия
|d 1976
|
| 215 |
|
|
|a 80 с.
|c ил.
|
| 320 |
|
|
|a Библиогр.: с. 76-80
|
| 606 |
1 |
|
|a Металлы тугоплавкие
|x Прочность
|2 stltpush
|3 (RuTPU)RU\TPU\subj\43387
|9 62895
|
| 610 |
1 |
|
|a тугоплавкие монокристаллы
|
| 610 |
1 |
|
|a прочность
|
| 610 |
1 |
|
|a пластичность
|
| 610 |
1 |
|
|a геометрия скольжения
|
| 610 |
1 |
|
|a деформация
|
| 610 |
1 |
|
|a дислокационные структуры
|
| 610 |
1 |
|
|a температурная зависимость
|
| 610 |
1 |
|
|a напряжение течения
|
| 610 |
1 |
|
|a деформационное упрочнение
|
| 675 |
|
|
|a 669.018.45
|v 4
|
| 700 |
|
1 |
|a Иванова
|b В. С.
|g Вера Семеновна
|
| 701 |
|
1 |
|a Ермишкин
|b В. А.
|g Вячеслав Александрович
|
| 801 |
|
1 |
|a RU
|b 63413507
|c 20170131
|
| 801 |
|
2 |
|a RU
|b 63413507
|c 20170201
|g RCR
|
| 942 |
|
|
|c BK
|